आदिग्राम उपाख्यान / (Record no. 40991)

MARC details
000 -LEADER
fixed length control field 01831nam a22003257a 4500
005 - DATE AND TIME OF LATEST TRANSACTION
control field 20100811140359.0
010 ## - LCCN (DPL NO)
LC control number HIN-90291 B-438089
020 ## - INTERNATIONAL STANDARD BOOK NUMBER
Terms of availability 200.00
International Standard Book Number 9788126319626
035 ## - SYSTEM CONTROL NUMBER
System control number HN-62637
035 ## - SYSTEM CONTROL NUMBER
System control number B-438089
037 ## - SOURCE OF ACQUISITION
Source of stock number/acquisition DBAD / PUB
037 ## - SOURCE OF ACQUISITION
Source of stock number/acquisition Allied pub.
082 ## - DEWEY DECIMAL CLASSIFICATION NUMBER
Classification number
100 ## - MAIN ENTRY--PERSONAL NAME
Personal name कुणाल सिंह
245 ## - TITLE STATEMENT
Title आदिग्राम उपाख्यान /
Statement of responsibility, etc कुणाल सिंह
246 ## - VARYING FORM OF TITLE
Title proper/short title Aadigram Upakhyan
Remainder of title by Kunal Singh
260 ## - PUBLICATION, DISTRIBUTION, ETC. (IMPRINT)
Place of publication, distribution, etc नई दिल्ली
Name of publisher, distributor, etc भारतीय ज्ञानपीठ
Date of publication, distribution, etc 2010
270 ## - ADDRESS
Address 18, इन्स्टीटयूशनल एरिया, लोदी रोड़
City नई दिल्ली
Postal code 110003
Electronic mail address sales@jnanpith.net
Telephone number 011-41611861, 40712100
300 ## - PHYSICAL DESCRIPTION
Extent 184पृ
Dimensions 22सेमी (सजिल्द)
490 ## - SERIES STATEMENT
Series statement लोकोदय ग्रन्थमाला : ग्रन्थांक 1045 / रवीन्द्र कलिया द्वारा संपादित
-- 38249
650 ## - SUBJECT ADDED ENTRY--TOPICAL TERM
Topical term following geographic name as entry element हिन्दी कथा साहित्य
650 ## - SUBJECT ADDED ENTRY--TOPICAL TERM
Topical term following geographic name as entry element Hindi Katha Sahitya
700 ## - ADDED ENTRY--PERSONAL NAME
9 (RLIN) 7228
700 ## - ADDED ENTRY--PERSONAL NAME
9 (RLIN) 7267
700 ## - ADDED ENTRY--PERSONAL NAME
9 (RLIN) 7698
942 ## - ADDED ENTRY ELEMENTS (KOHA)
Institution code [OBSOLETE] dpl
Item type Hindi Books
Call number prefix
Source of classification or shelving scheme Dewey Decimal Classification
Call number suffix कुणाल
Classification part
Holdings
Withdrawn status Lost status Not for loan Collection code Home library Current library Date acquired Source of acquisition Cost, normal purchase price Full call number Barcode Copy number Cost, replacement price Koha item type
      Fiction Central Library Central Library 11/07/2011 एलाईड पब्लिशर्स/2970/30.3.11/84/24.3.11/31.3.11 200.00 उ कुणाल B-438089 1 200.00 Hindi Books
    Not For Loan Fiction D.B.Act.Division D.B.Act.Division 11/08/2010 DBAD / PUB 200.00 उ कुणाल HN-62637 1 200.00 Hindi Books

© Delhi Public Library
Hit Counter
free hit counter